Modern Talking - Let's Talk About Love - Statistics

General Stats
  • This quiz has been taken 18 times
  • The average score is 7 of 10
Answer Stats
Lyrics Song % Correct
Oh, I cannot explain, every time, it's the same Oh, I feel that it's real, take my heart I've been lonely too long, oh, I can't be so strong Take the chance for romance, take my heart Cheri, cheri lady
100%
They said : no future forget it You came from the wrong side of town I said : don't listen, don't let it Let it bring you down Make you wear a frown With a little love
77%
Don't let me down, take my hand Now and forever be my friend Take my lovin' heart tonight You are a woman 'till the morning light Heaven will know
69%
Be quiet, be quiet Sail across the universe All the magic here on earth Slippin' in the sliding Rollin' in the riding to you my love Wild wild water
69%
City lights spinning in my head Here comes the night can't go to bed I'm sitting here in that night cafe My love don't go away Just like an angel
62%
Let me rock you, let me roll you I'll be close to you We can have a one way trip to paradise for two There's so much Let's talk about love
62%
Sometimes I feel that life's a show But I don't wait don't let you go 'Cause darling, heaven can be cold With no angel life been told Your memories come and memories go Why did you do it just tonight
62%
Can you stay the way you are Heaven knows you come so far Love will find a way to you So promise me forever, there'll never be a never Don't give up
54%
(Hold me darling, you know that I really, really love you) Could I ever love you more babe Than I did before See you through the eyes of love, my love I gave everything, how could you Love don't live here anymore
54%
You are my teacher, I come to school I love you, baby Sometimes I'm right and then a fool Oh, be my lady You're the lady of my heart
54%
No matching quizzes found
Score Distribution
Percent of People with Each Score
Percentile by Number Answered
Your Score History
You have not taken this quiz